00382nam a2200145Ia 4500008004100000082002000041100002100061245002700082260002400109300000700133600002100140630002700161700002100188730002700209151018s9999 xx 000 0 und d bRBASDV2026a823 aparsons Anthony aThe Great Dollar Eraud bThe amalgated Press a64 aparsons Anthony aThe Great Dollar Eraud aparsons Anthony aThe Great Dollar Eraud